Objectos de Metal (Registo nº 95)

Detalhes MARC
000 -Etiqueta do registo
Cabeçalho 00606nam0a22002771 4500
005 - Identificador da versão
Campo de controlo 20240813121754.0
010 ## - Número internacional normalizado dos livros (ISBN)
Número (ISBN) 8440117191
021 ## - Número do Depósito Legal
Código do país PT
Número M. 8.058-1992
035 ## - Other System Control Numbers
System Control Number 0000099
System Control Number 0000099
System Control Number 0000099
System Control Number 0000099
100 ## - Dados gerais de processamento
Dados gerais de processamento 20041104d a e0pory5003 ba
102 ## - Pais de publicação ou produção
País de publicação Portugal
101 1# - Língua de publicação
Língua do texto, banda sonora, etc. Português
Língua do documento no original Espanhol
106 ## - Campo de dados codificados: material textual
Dados codificados do material textual r
105 ## - Campo de dados codificados: livros
Dados codificados dos livros y z 001yy
215 ## - Descrição física 
Indicação específica da natureza do documento e extensão da espécie p.160
Dimensões cm
200 1# - Titulo e menção de responsabilidade
Título próprio Objectos de Metal
205 ## - Menção da edição
Menção da edição 1ª edição
210 ## - Publicação, Distribuição, etc. 
Lugar da edição, distribuição, etc. Lisboa
Nome do editor, distribuidor, etc. Vértice
Data da publicação, distribuição, etc. 1987
966 ## - Identificação da Biblioteca
Sigla NUMETECA
942 ## - Elementos de entrada adicionados (Koha)
Tipo de item no Koha Livro
Exemplares
Situação do levantamento Origin of item (home branch) (coded) Biblioteca de empréstimo Código de barras Cota Circulation type (not for loan) Tipo de documento Nota do exemplar Damaged status
  Biblioteca Escolar Eng. Nuno Mergulhão Biblioteca Escolar Eng. Nuno Mergulhão BENM150 /TMA   Livro Sem mensagem